| 000 | 00332nam a22001337a 4500 | ||
|---|---|---|---|
| 008 | 170608b xxu||||| |||| 00| 0 eng d | ||
| 020 | _a9780071267915 | ||
| 041 | _aeng | ||
| 080 |
_211 ED _a32 |
||
| 100 | _a18 | ||
| 101 | _aSHP | ||
| 245 |
_aPOWER CHOICE AN INTRODUCTION TO POLITICAL SCIENCE _cSHIVELY.W.P |
||
| 942 |
_2udc _cBK |
||
| 999 |
_c16435 _d16435 |
||